Approximated Explicit Model Predictive Control
Gespeichert in:
| 1. Verfasser: | |
|---|---|
| Weitere Verfasser: | |
| Format: | Manuskript Buch |
| Sprache: | Slowakisch Englisch |
| Veröffentlicht: |
2025
|
| Schlagworte: | |
| Online-Zugang: | http://is.stuba.sk/zp/portal_zp.pl?podrobnosti=183419 |
| Tags: |
Keine Tags, Fügen Sie das erste Tag hinzu!
|
MARC
| LEADER | 00000ntm a22000003a 4500 | ||
|---|---|---|---|
| 001 | stuzp105126 | ||
| 003 | SK-STU | ||
| 005 | 20250607211151.2 | ||
| 007 | ta | ||
| 008 | 150427s2015----xo-----f-mn---000-0-slo-d | ||
| 040 | |a STU |b slo | ||
| 041 | 0 | |a eng | |
| 100 | 1 | |a Řežuchová, Monika |u 047000 |4 aut |U FCHPT Fakulta chemickej a potravinárskej technológie |T FCHPT Ústav informatizácie, automatizácie a matematiky |X 104377 |U C7000 |Y 105 |7 104377 | |
| 242 | 0 | 1 | |a Aproximované explicitné prediktívne riadenie |y slo |
| 245 | 1 | 0 | |a Approximated Explicit Model Predictive Control |
| 260 | |c 2025 | ||
| 650 | 4 | |a memory footprint reduction |2 eng | |
| 650 | 4 | |a explicit model predictive control |2 eng | |
| 650 | 4 | |a suboptimality |2 eng | |
| 650 | 4 | |a control performance |2 eng | |
| 650 | 4 | |a Chebyshev ball |2 eng | |
| 650 | 4 | |a approximation |2 eng | |
| 650 | 4 | |a šetrenie pamäte |2 slo | |
| 650 | 4 | |a vpísané kružnice s maximálnym polomerom |2 slo | |
| 650 | 4 | |a explicitné prediktívne riadenie |2 slo | |
| 650 | 4 | |a kvalita riadenia |2 slo | |
| 650 | 4 | |a aproximácia |2 slo | |
| 650 | 4 | |a suboptimalita |2 slo | |
| 700 | 1 | |a Galčíková, Lenka |u 047000 |k Z3 |4 ths |U FCHPT Fakulta chemickej a potravinárskej technológie |T FCHPT Ústav informatizácie, automatizácie a matematiky |X 82049 |U C7000 |Y 105 |7 82049 | |
| 856 | 4 | |u http://is.stuba.sk/zp/portal_zp.pl?podrobnosti=183419 | |